[Event "Tradewise Gibraltar ChallWk1"]
[Site "Gibraltar"]
[Date "2017.01.24"]
[Round "2.4"]
[White "Lung, Liviu-Catalin"]
[Black "Damia, Angelo"]
[Result "0-1"]
[WhiteElo "2090"]
[BlackElo "2233"]
[PlyCount "44"]
[EventDate "2017.01.23"]
[EventType "swiss"]
[EventRounds "5"]
[EventCountry "GGB"]
[SourceTitle "BritBase"]
[Source "www.saund.co.uk"]
[SourceDate "2018.02.10"]
[SourceVersion "1"]
[SourceVersionDate "2018.02.10"]
[SourceQuality "1"]
[TimeControl "7200+1195"]
[WhiteClock "0:45:45"]
[BlackClock "0:44:31"]

1. e4 c5 2. Nf3 a6 3. d4 cxd4 4. Nxd4 Nf6 5. Nc3 e5 6. Nf3 Bb4 7. Bd2 Nc6 8.
Bd3 d6 9. Nd5 Nxd5 10. exd5 Bxd2+ 11. Qxd2 Ne7 12. Qg5 O-O 13. O-O-O h6 14. Qh5
Nxd5 15. Bc4 Nf4 16. Qh4 Be6 17. Bxe6 fxe6 18. Qg4 e4 19. Nd4 Qc8 20. Kb1 e5
21. Qxc8 Raxc8 22. Nb3 Nxg2 0-1

[Event "Tradewise Gibraltar ChallWk1"]
[Site "Gibraltar"]
[Date "2017.01.24"]
[Round "2.5"]
[White "Pinho, Paulo"]
[Black "Korning, Peter"]
[Result "1/2-1/2"]
[WhiteElo "2220"]
[BlackElo "2080"]
[PlyCount "130"]
[EventDate "2017.01.23"]
[EventType "swiss"]
[EventRounds "5"]
[EventCountry "GGB"]
[SourceTitle "BritBase"]
[Source "www.saund.co.uk"]
[SourceDate "2018.02.10"]
[SourceVersion "1"]
[SourceVersionDate "2018.02.10"]
[SourceQuality "1"]
[TimeControl "7200+1750"]
[WhiteClock "0:01:41"]
[BlackClock "0:00:40"]

1. d4 d5 2. Nf3 c5 3. c4 e6 4. cxd5 exd5 5. g3 Nc6 6. Bg2 Nf6 7. O-O Be7 8.
dxc5 Bxc5 9. a3 Ne4 10. b4 Be7 11. Bb2 O-O 12. Nbd2 Nxd2 13. Qxd2 Be6 14. Rfd1
Bf6 15. Rac1 Bxb2 16. Qxb2 Qb6 17. Rd2 Rad8 18. Rcd1 Rfe8 19. Ng5 h6 20. Nh3
Bxh3 21. Bxh3 a5 22. Bg2 axb4 23. Bxd5 Ra8 24. axb4 Qxb4 25. Qc2 Rac8 26. Qf5
Qf8 27. Rb1 Ne7 28. Qf3 Nxd5 29. Rxd5 Rc2 30. Rxb7 Rcxe2 31. Rf5 R2e7 32. Rb6
Re6 33. Rbb5 g6 34. Rf4 Qg7 35. Kg2 Re5 36. Rb7 R5e7 37. Rb5 Re5 38. Qc6 R5e6
39. Qd7 R6e7 40. Qc6 Re6 41. Qf3 Re5 42. Rb6 R5e6 43. Rb5 Re5 44. Rb3 R5e6 45.
h4 h5 46. Rb5 Re5 47. Rb3 R5e6 48. Rb5 Re5 49. Rxe5 Rxe5 50. Qb3 Qf8 51. Rf6
Qa8+ 52. Kh2 Qd5 53. Qb8+ Kg7 54. Rf4 Re1 55. Qb2+ Qe5 56. Qb3 Qe6 57. Qf3 Rb1
58. Qc3+ Kg8 59. Rc4 Rb8 60. Qd4 Re8 61. Rc7 Qe5 62. Qc4 Qe6 63. Qf4 Re7 64.
Rc5 Kg7 65. Rc2 Qe5 1/2-1/2

[Event "Tradewise Gibraltar ChallWk1"]
[Site "Gibraltar"]
[Date "2017.01.24"]
[Round "2.6"]
[White "Kozarcanin, Sead"]
[Black "Galmandakh, Badrakh"]
[Result "0-1"]
[WhiteElo "2069"]
[BlackElo "2215"]
[PlyCount "100"]
[EventDate "2017.01.23"]
[EventType "swiss"]
[EventRounds "5"]
[EventCountry "GGB"]
[SourceTitle "BritBase"]
[Source "www.saund.co.uk"]
[SourceDate "2018.02.10"]
[SourceVersion "1"]
[SourceVersionDate "2018.02.10"]
[SourceQuality "1"]
[TimeControl "7200+950"]
[WhiteClock "0:04:16"]
[BlackClock "0:00:47"]

1. b3 e5 2. Bb2 Nc6 3. e3 d5 4. Bb5 Bd6 5. Nf3 Qf6 6. d4 e4 7. Ne5 Nge7 8. c4
O-O 9. cxd5 Nxe5 10. dxe5 Bxe5 11. Bxe5 Qxe5 12. Nd2 Nxd5 13. Bc4 Nf6 14. h3
Rd8 15. Qc1 c6 16. O-O Be6 17. f4 Qc5 18. Re1 Bxc4 19. Nxc4 Rd3 20. Re2 Rad8
21. Ne5 Qxc1+ 22. Rxc1 Rd1+ 23. Rxd1 Rxd1+ 24. Kf2 Kf8 25. Rc2 Ke7 26. b4 Rb1
27. a3 Nd5 28. Nc4 Ra1 29. g4 f6 30. Rd2 g6 31. f5 gxf5 32. gxf5 b5 33. Na5 Kd7
34. Nb7 Rxa3 35. Nc5+ Kc7 36. Nxe4 Nxe3 37. Nxf6 Nxf5 38. Rd7+ Kc8 39. Rxh7 a5
40. bxa5 Rxa5 41. Ne8 b4 42. Rc7+ Kd8 43. Rxc6 Kxe8 44. Rb6 Ra4 45. h4 Kd7 46.
h5 Kc7 47. Rf6 Nd6 48. Ke3 Kc6 49. Kf3 Kc5 50. h6 Kc6 0-1

[Event "Tradewise Gibraltar ChallWk1"]
[Site "Gibraltar"]
[Date "2017.01.24"]
[Round "2.7"]
[White "Ebner, Johann"]
[Black "Madina Yadarola, Martin"]
[Result "0-1"]
[WhiteElo "2066"]
[BlackElo "2214"]
[PlyCount "110"]
[EventDate "2017.01.23"]
[EventType "swiss"]
[EventRounds "5"]
[EventCountry "GGB"]
[SourceTitle "BritBase"]
[Source "www.saund.co.uk"]
[SourceDate "2018.02.10"]
[SourceVersion "1"]
[SourceVersionDate "2018.02.10"]
[SourceQuality "1"]
[TimeControl "6600+1375"]
[WhiteClock "0:00:35"]
[BlackClock "0:00:22"]

1. d4 Nf6 2. c4 g6 3. Nc3 Bg7 4. e4 d6 5. Be2 O-O 6. Bg5 h6 7. Be3 c6 8. g4 Qa5
9. f3 c5 10. Qd2 cxd4 11. Bxd4 Nc6 12. Be3 h5 13. g5 Nd7 14. Nd1 Qxd2+ 15. Kxd2
Nc5 16. Rb1 a5 17. b3 f5 18. gxf6 Rxf6 19. Nc3 Be6 20. h4 Raf8 21. Nd5 Bxd5 22.
exd5 Ne5 23. Rh3 Kh7 24. Bg5 Bh6 25. Bxh6 Kxh6 26. a3 Rf4 27. Ke3 a4 28. b4 Nb3
29. c5 dxc5 30. bxc5 Nc4+ 31. Bxc4 Rxc4 32. d6 exd6 33. cxd6 Re8+ 34. Kf2 Rc2+
35. Kg3 Nd4 36. Rb4 Rd2 37. Rh2 Rd1 38. Rg2 b5 39. d7 Nf5+ 40. Kh2 Rb8 41. Ne2
Rxd7 42. Ng3 Nd4 43. Rf2 Re8 44. Ne4 Rf8 45. Ng5 Nf5 46. Kh3 Rd4 47. Ne6 Rxb4
48. axb4 Rc8 49. Nc5 Rc6 50. Rd2 Rd6 51. Rf2 Rd4 52. Na6 Rxh4+ 53. Kg2 Rc4 54.
Rb2 Nd4 55. Nc5 Rc2+ 0-1

[Event "Tradewise Gibraltar ChallWk1"]
[Site "Gibraltar"]
[Date "2017.01.24"]
[Round "2.8"]
[White "Villar Reymundo, Juan Antonio"]
[Black "Anuprita, Patil"]
[Result "1/2-1/2"]
[WhiteElo "2212"]
[BlackElo "2066"]
[PlyCount "204"]
[EventDate "2017.01.23"]
[EventType "swiss"]
[EventRounds "5"]
[EventCountry "GGB"]
[SourceTitle "BritBase"]
[Source "www.saund.co.uk"]
[SourceDate "2018.02.10"]
[SourceVersion "1"]
[SourceVersionDate "2018.02.10"]
[SourceQuality "1"]

1. d4 d5 2. c4 e6 3. Nf3 Nf6 4. Bg5 Be7 5. Nc3 h6 6. Bh4 Nbd7 7. Qc2 b6 8. cxd5
Nxd5 9. Nxd5 exd5 10. Bxe7 Qxe7 11. Qxc7 Ba6 12. Ne5 Qb4+ 13. Qc3 Qxc3+ 14.
bxc3 Nxe5 15. dxe5 Kd7 16. g3 Kc6 17. O-O-O Bc4 18. e4 Bxa2 19. Kb2 Bc4 20. Rd4
Rae8 21. Bxc4 dxc4 22. Rxc4+ Kb5 23. Rb4+ Kc5 24. f4 Rd8 25. Kc2 Rd7 26. Rbb1
a5 27. Rhd1 Rhd8 28. Rxd7 Rxd7 29. Rd1 Ra7 30. Rd5+ Kc4 31. Rd4+ Kc5 32. Kb3 b5
33. Rd5+ Kc6 34. c4 a4+ 35. Kb4 bxc4 36. Rc5+ Kb6 37. Rxc4 a3 38. Rc1 Rd7 39.
Kxa3 Rd4 40. Kb3 Rxe4 41. Rc4 Re2 42. Rc2 Re1 43. Kc4 Kc6 44. Kd4+ Kd7 45. g4
g6 46. Ra2 Rg1 47. h3 Rg3 48. Rh2 Ra3 49. Ke4 Ra4+ 50. Kf3 Ra3+ 51. Kf2 Ra2+
52. Kg3 Ra3+ 53. Kg2 Ra2+ 54. Kg1 Ra1+ 55. Kg2 Ra2+ 56. Kg3 Ra3+ 57. Kh4 Ke6
58. Rd2 g5+ 59. fxg5 hxg5+ 60. Kxg5 Rxh3 61. Rf2 Re3 62. Rf6+ Ke7 63. Rf5 Re1
64. Kh6 Kf8 65. Kg5 Kg7 66. Kf4 Ra1 67. Rg5+ Kf8 68. Rh5 Rf1+ 69. Kg5 Kg7 70.
Rh2 Re1 71. Kf5 Rf1+ 72. Ke4 Rg1 73. Kf4 Rf1+ 74. Kg3 Re1 75. Rh5 Kg6 76. Rf5
Ra1 77. Rf6+ Kg7 78. Kf4 Rf1+ 79. Kg5 Re1 80. Rf5 Re2 81. Kf4 Re1 82. Rg5+ Kf8
83. Rf5 Kg7 84. Rg5+ Kf8 85. Rh5 Kg7 86. Rh3 Kg6 87. Rf3 Rg1 88. Rg3 Rf1+ 89.
Rf3 Rg1 90. Re3 Rf1+ 91. Ke4 Rg1 92. Kf4 Rf1+ 93. Rf3 Rg1 94. Ra3 Rf1+ 95. Kg3
Rg1+ 96. Kh3 Rh1+ 97. Kg2 Re1 98. Ra6+ Kg5 99. Ra7 Rxe5 100. Kf3 Rb5 101. Rxf7
Rb3+ 102. Ke4 Kxg4 1/2-1/2

[Event "Tradewise Gibraltar ChallWk1"]
[Site "Gibraltar"]
[Date "2017.01.24"]
[Round "2.9"]
[White "Green, Per"]
[Black "Aroven, Mikael"]
[Result "1/2-1/2"]
[WhiteElo "1956"]
[BlackElo "2172"]
[PlyCount "58"]
[EventDate "2017.01.23"]
[EventType "swiss"]
[EventRounds "5"]
[EventCountry "GGB"]
[SourceTitle "BritBase"]
[Source "www.saund.co.uk"]
[SourceDate "2018.02.10"]
[SourceVersion "1"]
[SourceVersionDate "2018.02.10"]
[SourceQuality "1"]

1. Nf3 d6 2. d4 g6 3. e4 Bg7 4. c3 Nf6 5. Bd3 O-O 6. O-O Nc6 7. d5 Nb8 8. h3 e5
9. c4 Nh5 10. Nc3 Nf4 11. Ne2 Qf6 12. Nxf4 exf4 13. Rb1 Nd7 14. b4 g5 15. Bb2
Ne5 16. Nxe5 dxe5 17. Be2 Qg6 18. Re1 f5 19. Bh5 Qh6 20. Bf3 Qa6 21. exf5 Bxf5
22. Rc1 Rae8 23. Qb3 Qg6 24. c5 Kh8 25. Qd1 Qh6 26. Bh5 Bg6 27. Bg4 Bf5 28. Bh5
Bg6 29. Bg4 Bf5 1/2-1/2

[Event "Tradewise Gibraltar ChallWk1"]
[Site "Gibraltar"]
[Date "2017.01.24"]
[Round "2.10"]
[White "Alberto, Manuel"]
[Black "Kandic, Milan"]
[Result "1/2-1/2"]
[WhiteElo "2168"]
[BlackElo "2061"]
[PlyCount "104"]
[EventDate "2017.01.23"]
[EventType "swiss"]
[EventRounds "5"]
[EventCountry "GGB"]
[SourceTitle "BritBase"]
[Source "www.saund.co.uk"]
[SourceDate "2018.02.10"]
[SourceVersion "1"]
[SourceVersionDate "2018.02.10"]
[SourceQuality "1"]

1. e4 d6 2. d4 Nf6 3. Nc3 e5 4. Nf3 Nbd7 5. Bc4 Be7 6. h3 c6 7. a4 O-O 8. dxe5
dxe5 9. O-O Qc7 10. Bg5 Nc5 11. Re1 Be6 12. Bf1 a5 13. Nh2 Qb6 14. Qc1 Rfe8 15.
Nf3 Nfd7 16. Bxe7 Rxe7 17. Nh4 Nf8 18. Qe3 Ng6 19. Nf5 Rd7 20. b3 Rad8 21. Rad1
Rxd1 22. Rxd1 Rxd1 23. Nxd1 Qb4 24. Nc3 h6 25. h4 Bxf5 26. exf5 Nxh4 27. Qxe5
Qg4 28. Qe3 Qxf5 29. Qe8+ Kh7 30. Qe7 Ng6 31. Qe3 Qe5 32. Qf3 f5 33. g3 f4 34.
Bd3 Nxd3 35. Qxd3 fxg3 36. fxg3 Qc5+ 37. Kf1 Kh8 38. Ne2 Qf8+ 39. Kg2 Qf6 40.
Qe4 Qe5 41. Qg4 Kh7 42. Kf2 Qc5+ 43. Nd4 Qd5 44. Nf3 b5 45. c4 bxc4 46. bxc4
Qd3 47. Qh5 Qc2+ 48. Kg1 Qxa4 49. Ng5+ Kg8 50. Qxg6 Qd1+ 51. Kg2 hxg5 52. Qxc6
Qe2+ 1/2-1/2

[Event "Tradewise Gibraltar ChallWk1"]
[Site "Gibraltar"]
[Date "2017.01.24"]
[Round "2.11"]
[White "Sedgwick, David"]
[Black "Dolzhikova, Olga"]
[Result "0-1"]
[WhiteElo "1943"]
[BlackElo "2164"]
[PlyCount "128"]
[EventDate "2017.01.23"]
[EventType "swiss"]
[EventRounds "5"]
[EventCountry "GGB"]
[SourceTitle "BritBase"]
[Source "www.saund.co.uk"]
[SourceDate "2018.02.10"]
[SourceVersion "1"]
[SourceVersionDate "2018.02.10"]
[SourceQuality "1"]

1. e4 c5 2. c3 d5 3. exd5 Qxd5 4. d4 Nf6 5. Nf3 e6 6. Bd3 Nc6 7. a3 Be7 8. O-O
O-O 9. c4 Qh5 10. dxc5 e5 11. Ng5 Qxd1 12. Rxd1 Bxc5 13. Nc3 Bg4 14. Re1 Rad8
15. Be3 Be7 16. Be2 Bxe2 17. Rxe2 b6 18. Nge4 Nxe4 19. Nxe4 Na5 20. Nd2 f5 21.
f3 Rd3 22. b4 Nc6 23. Nf1 Rc3 24. Rd2 Rxc4 25. Rd7 Bf6 26. Rad1 Rf7 27. Rxf7
Kxf7 28. Rd7+ Ke6 29. Rb7 Rc3 30. b5 Nd4 31. a4 Ra3 32. Rxa7 Nxb5 33. Ra6 Nc3
34. a5 Rxa5 35. Rxb6+ Kf7 36. Bd2 Rb5 37. Rxf6+ Kxf6 38. Bxc3 Rb3 39. Bd2 f4
40. Kf2 Kf5 41. g4+ Kg5 42. Ng3 Rb2 43. Ke1 Kh4 44. Nf5+ Kh3 45. Nxg7 Kg2 46.
Ne6 Kxf3 47. Ng5+ Kxg4 48. Nxh7 e4 49. h3+ Kf5 50. h4 e3 51. Bxe3 fxe3 52. Ng5
Kf4 53. Ne6+ Kg4 54. Nd4 Rh2 55. h5 Kf4 56. Ne2+ Kf3 57. Nd4+ Ke4 58. Ne6 Rxh5
59. Ke2 Rh2+ 60. Ke1 Rg2 61. Kf1 Ra2 62. Ke1 Rb2 63. Kd1 e2+ 64. Ke1 Ke3 0-1

[Event "Tradewise Gibraltar ChallWk1"]
[Site "Gibraltar"]
[Date "2017.01.24"]
[Round "2.12"]
[White "Paronen, Petteri"]
[Black "Mayank, Pal"]
[Result "1-0"]
[WhiteElo "2164"]
[BlackElo "1919"]
[PlyCount "65"]
[EventDate "2017.01.23"]
[EventType "swiss"]
[EventRounds "5"]
[EventCountry "GGB"]
[SourceTitle "BritBase"]
[Source "www.saund.co.uk"]
[SourceDate "2018.02.10"]
[SourceVersion "1"]
[SourceVersionDate "2018.02.10"]
[SourceQuality "1"]

1. e4 c5 2. Nf3 d6 3. c3 Nf6 4. Bd3 g6 5. Bc2 Bg7 6. d4 cxd4 7. cxd4 O-O 8. Nc3
Nc6 9. h3 b6 10. O-O Bb7 11. Bg5 Nb4 12. Bb1 d5 13. e5 Ne4 14. Bf4 Rc8 15. Qb3
Na6 16. Nb5 Qd7 17. Nxa7 Rc4 18. a3 Qe6 19. Bd3 Rc7 20. Rac1 Ra8 21. Nb5 Rxc1
22. Rxc1 Qf5 23. Be3 Rc8 24. Rxc8+ Qxc8 25. Bxe4 dxe4 26. Ng5 Qe8 27. Nc3 e6
28. Qxb6 Qa8 29. Nb5 Bc8 30. Qd8+ Bf8 31. Qe8 Qb7 32. Nd6 Qd7 33. Qxc8 1-0

[Event "Tradewise Gibraltar ChallWk1"]
[Site "Gibraltar"]
[Date "2017.01.24"]
[Round "2.13"]
[White "Marcos Herrero, Francisco"]
[Black "Gonzalez Gonzalez, Alfonso"]
[Result "0-1"]
[WhiteElo "1918"]
[BlackElo "2162"]
[PlyCount "106"]
[EventDate "2017.01.23"]
[EventType "swiss"]
[EventRounds "5"]
[EventCountry "GGB"]
[SourceTitle "BritBase"]
[Source "www.saund.co.uk"]
[SourceDate "2018.02.10"]
[SourceVersion "1"]
[SourceVersionDate "2018.02.10"]
[SourceQuality "1"]

1. Nf3 d5 2. c4 c6 3. d4 Nf6 4. g3 dxc4 5. Bg2 Nbd7 6. O-O Nb6 7. a4 a5 8. Nc3
g6 9. e4 Bg7 10. Ne5 Nfd7 11. Ng4 O-O 12. Bh6 Nf6 13. Nxf6+ exf6 14. Bxg7 Kxg7
15. d5 Bd7 16. Qd4 Rc8 17. Rfe1 Re8 18. Re3 h5 19. Rae1 cxd5 20. exd5 Rxe3 21.
Rxe3 Nxa4 22. Ne4 Bf5 23. Ra3 b5 24. d6 Bxe4 25. Bxe4 Nc5 26. Re3 Nb3 27. Qd1
Qd7 28. Bc2 Rc6 29. Bxb3 Rxd6 30. Qe2 cxb3 31. Rxb3 Rd1+ 32. Kg2 Qd5+ 33. Rf3
Rd2 34. Qe7 f5 35. Qe3 Qd4 36. Qa3 a4 37. b3 Rd3 38. Rxd3 Qxd3 39. Qa1+ Kh7 40.
bxa4 Qe4+ 41. Kg1 bxa4 42. Qa2 Kg8 43. Qb2 Qc4 44. Qb8+ Kh7 45. Qa7 Qb3 46. h4
a3 47. Kg2 a2 48. Kh2 Qe6 49. Kg2 Kg8 50. Qb8+ Kg7 51. Qb2+ Kh7 52. Qc3 Qe4+
53. Kh2 Qb1 0-1

[Event "Tradewise Gibraltar ChallWk1"]
[Site "Gibraltar"]
[Date "2017.01.24"]
[Round "2.14"]
[White "Severijnen, Arjon"]
[Black "Gonzalez Pabollet, Jesus Maria"]
[Result "1-0"]
[WhiteElo "2153"]
[BlackElo "1900"]
[PlyCount "113"]
[EventDate "2017.01.23"]
[EventType "swiss"]
[EventRounds "5"]
[EventCountry "GGB"]
[SourceTitle "BritBase"]
[Source "www.saund.co.uk"]
[SourceDate "2018.02.10"]
[SourceVersion "1"]
[SourceVersionDate "2018.02.10"]
[SourceQuality "1"]

1. e4 d5 2. exd5 Qxd5 3. Nc3 Qa5 4. d4 Bf5 5. Nf3 c6 6. Bf4 Nf6 7. Qd2 e6 8.
Bd3 Bxd3 9. Qxd3 Nd5 10. Bd2 Nb4 11. Qe4 Nd7 12. O-O Nf6 13. Qe5 Qxe5 14. dxe5
Nfd5 15. a3 Nxc3 16. Bxc3 Nd5 17. Bd2 Be7 18. c4 Nb6 19. b3 O-O-O 20. Bg5 f6
21. Bf4 Rd3 22. Rfb1 Rhd8 23. Ne1 R3d4 24. Be3 R4d7 25. f4 h6 26. Kf2 g5 27. g3
Rf8 28. Ke2 Rfd8 29. Ra2 f5 30. a4 c5 31. a5 Na8 32. Rc2 Nc7 33. Rc3 Na6 34.
Nd3 b6 35. Ra1 Kb7 36. Nf2 Nc7 37. g4 Na6 38. axb6 axb6 39. Rg1 fxg4 40. fxg5
Bxg5 41. Rxg4 Bxe3 42. Rxe3 Nb4 43. Ne4 Nc2 44. Rh3 Nd4+ 45. Kf2 Nc6 46. Rh5
Rd3 47. Rg7+ Kb8 48. Rg6 Rxb3 49. Rxe6 Rb4 50. Rxc6 Rxc4 51. Nd6 Rf8+ 52. Ke3
Rb4 53. Rxh6 Rb3+ 54. Ke4 Rb4+ 55. Kd5 Rd4+ 56. Ke6 b5 57. Rh7 1-0

[Event "Tradewise Gibraltar ChallWk1"]
[Site "Gibraltar"]
[Date "2017.01.24"]
[Round "2.15"]
[White "Verneuil, Pascal"]
[Black "Lawson, Dominic Ralph"]
[Result "0-1"]
[WhiteElo "2215"]
[BlackElo "2027"]
[PlyCount "64"]
[EventDate "2017.01.23"]
[EventType "swiss"]
[EventRounds "5"]
[EventCountry "GGB"]
[SourceTitle "BritBase"]
[Source "www.saund.co.uk"]
[SourceDate "2018.02.10"]
[SourceVersion "1"]
[SourceVersionDate "2018.02.10"]
[SourceQuality "1"]

1. e4 e5 2. Nf3 Nc6 3. Bb5 Nd4 4. Nxd4 exd4 5. O-O Bc5 6. d3 c6 7. Bc4 d5 8.
exd5 cxd5 9. Re1+ Ne7 10. Bb5+ Kf8 11. c4 a6 12. Ba4 dxc4 13. dxc4 h5 14. Nd2
Bg4 15. f3 d3+ 16. Kh1 Be6 17. Ne4 Bb4 18. Bd2 Bxd2 19. Nxd2 Nf5 20. Re4 h4 21.
Qe1 Qb6 22. Nf1 Qxb2 23. Rb1 Qxa2 24. Bb3 Qa3 25. Rxe6 fxe6 26. Qxe6 Qc5 27.
Re1 Nd4 28. Qg6 Ne2 29. Ne3 Qxe3 30. Qf5+ Ke7 31. Qe4+ Qxe4 32. fxe4 Rad8 0-1

[Event "Tradewise Gibraltar ChallWk1"]
[Site "Gibraltar"]
[Date "2017.01.24"]
[Round "2.16"]
[White "Amgalanbaatar, Ravdanlkhumbuu"]
[Black "Kulkarni, Chinmay"]
[Result "0-1"]
[WhiteElo "1988"]
[BlackElo "2208"]
[PlyCount "178"]
[EventDate "2017.01.23"]
[EventType "swiss"]
[EventRounds "5"]
[EventCountry "GGB"]
[SourceTitle "BritBase"]
[Source "www.saund.co.uk"]
[SourceDate "2018.02.10"]
[SourceVersion "1"]
[SourceVersionDate "2018.02.10"]
[SourceQuality "1"]

1. e4 c5 2. Nc3 d6 3. g3 Nc6 4. Bg2 Nf6 5. d3 g6 6. h3 Bg7 7. Be3 O-O 8. Qd2
Re8 9. Bh6 Bh8 10. Nge2 Nd4 11. Nxd4 cxd4 12. Ne2 e5 13. O-O d5 14. exd5 Nxd5
15. Rae1 Be6 16. c4 dxc3 17. bxc3 Qd7 18. Kh2 Rad8 19. Qb2 Nb6 20. Rd1 Bd5 21.
Be4 Qc6 22. Qb1 Rd7 23. Be3 Red8 24. Bxb6 axb6 25. Bxd5 Qxd5 26. Rd2 Rd6 27.
Rfd1 Qf3 28. Ng1 Qf5 29. Kg2 Bg7 30. Nf3 Qd7 31. c4 Qc6 32. Qb5 Qxb5 33. cxb5
Rd5 34. a4 Ra8 35. Ra2 e4 36. Ne1 Rd4 37. Rc1 exd3 38. Rd1 Raxa4 39. Rxa4 Rxa4
40. Rxd3 Bd4 41. Nc2 Bc5 42. Rb3 Ra2 43. Ne3 Kf8 44. Kf3 Ke7 45. g4 Ke6 46. g5
Ra4 47. Ng2 Kf5 48. h4 f6 49. gxf6 Kxf6 50. Rb1 h5 51. Rb2 Kf5 52. Rb3 Rc4 53.
Rb2 Rc3+ 54. Ne3+ Bxe3 55. fxe3 Rc4 56. Rd2 Rxh4 57. Rd6 g5 58. Rxb6 Rh3+ 59.
Kf2 Kg4 60. e4 Kf4 61. e5 Kxe5 62. Rxb7 Rb3 63. b6 Kf4 64. Rf7+ Kg4 65. b7 h4
66. Rc7 Rb2+ 67. Kg1 h3 68. Rc4+ Kh5 69. Rc7 g4 70. Rc5+ Kh4 71. Rc7 g3 72.
Rc4+ Kg5 73. Rc5+ Kf6 74. Rc6+ Ke5 75. Rc5+ Kd6 76. Rc1 Rxb7 77. Re1 Rb2 78.
Kh1 Kd5 79. Kg1 Rb4 80. Kh1 Re4 81. Rg1 Re3 82. Ra1 Ke5 83. Ra5+ Kf4 84. Ra1
Re4 85. Rf1+ Kg4 86. Ra1 Rf4 87. Kg1 g2 88. Kh2 Rf1 89. Rxf1 gxf1=N+ 0-1

[Event "Tradewise Gibraltar ChallWk1"]
[Site "Gibraltar"]
[Date "2017.01.24"]
[Round "2.17"]
[White "Carrascoso Morales, Abel"]
[Black "Lopez De Turiso, Jose Angel"]
[Result "0-1"]
[WhiteElo "2200"]
[BlackElo "2019"]
[PlyCount "102"]
[EventDate "2017.01.23"]
[EventType "swiss"]
[EventRounds "5"]
[EventCountry "GGB"]
[SourceTitle "BritBase"]
[Source "www.saund.co.uk"]
[SourceDate "2018.02.10"]
[SourceVersion "1"]
[SourceVersionDate "2018.02.10"]
[SourceQuality "1"]

1. d4 Nf6 2. c4 g6 3. Nc3 Bg7 4. e4 d6 5. Nf3 O-O 6. Be2 e5 7. Be3 Nbd7 8. d5
Ng4 9. Bd2 a5 10. h3 Ngf6 11. Be3 Nc5 12. Nd2 Ne8 13. g4 f5 14. gxf5 gxf5 15.
exf5 Bxf5 16. Bxc5 dxc5 17. Bg4 Nd6 18. Bxf5 Rxf5 19. Qg4 Rf4 20. Qe6+ Kh8 21.
Rg1 Ra6 22. Rxg7 Kxg7 23. Qxe5+ Qf6 24. Qxf6+ Kxf6 25. O-O-O Ra8 26. f3 b6 27.
Re1 Rg8 28. Re6+ Kf7 29. Nb5 Nxb5 30. cxb5 Rd4 31. Ne4 Rxd5 32. Rc6 Rg1+ 33.
Kc2 Rd7 34. f4 Rg6 35. Ng5+ Ke7 36. Nxh7 Rxc6 37. bxc6 Rd4 38. f5 Rh4 39. Ng5
Kf6 40. Ne6 Rh7 41. Kc3 Kxf5 42. Nd8 Rh8 43. Nb7 Rxh3+ 44. Kc4 Rh4+ 45. Kb5
Rb4+ 46. Ka6 Rxb2 47. a4 Ke5 48. Nd8 Rd2 49. Nf7+ Kf6 50. Nh6 Rg2 51. Kb7 Rg7
0-1

[Event "Tradewise Gibraltar ChallWk1"]
[Site "Gibraltar"]
[Date "2017.01.24"]
[Round "2.18"]
[White "Byrn, Carsten"]
[Black "Derakhshani, Borna"]
[Result "0-1"]
[WhiteElo "2003"]
[BlackElo "2195"]
[PlyCount "70"]
[EventDate "2017.01.23"]
[EventType "swiss"]
[EventRounds "5"]
[EventCountry "GGB"]
[SourceTitle "BritBase"]
[Source "www.saund.co.uk"]
[SourceDate "2018.02.10"]
[SourceVersion "1"]
[SourceVersionDate "2018.02.10"]
[SourceQuality "1"]

1. c4 e5 2. Nc3 Nf6 3. g3 Bc5 4. Bg2 Nc6 5. Nf3 d6 6. O-O Be6 7. d3 O-O 8. Bg5
h6 9. Bxf6 Qxf6 10. Ne4 Qe7 11. Nxc5 dxc5 12. Qa4 Bg4 13. Rfe1 Rad8 14. a3 f5
15. Rab1 Qf6 16. Nd2 e4 17. f3 exf3 18. Nxf3 f4 19. Rf1 fxg3 20. hxg3 Qd6 21.
Kh2 Rf5 22. Nh4 Rh5 23. Bd5+ Kh8 24. Kg2 Rg5 25. Rf4 Bxe2 26. Kh2 Bxd3 27. Re1
Rxg3 28. Kxg3 g5 29. Ng2 gxf4+ 30. Kf2 f3 31. Re6 Qh2 32. Kxf3 Nd4+ 33. Ke3
Nxe6 34. Kxd3 Qxg2 35. Qd1 Rxd5+ 0-1

[Event "Tradewise Gibraltar ChallWk1"]
[Site "Gibraltar"]
[Date "2017.01.24"]
[Round "2.19"]
[White "Osuna Vega, Enrique"]
[Black "Mottonen, Ari"]
[Result "1-0"]
[WhiteElo "2181"]
[BlackElo "1997"]
[PlyCount "133"]
[EventDate "2017.01.23"]
[EventType "swiss"]
[EventRounds "5"]
[EventCountry "GGB"]
[SourceTitle "BritBase"]
[Source "www.saund.co.uk"]
[SourceDate "2018.02.10"]
[SourceVersion "1"]
[SourceVersionDate "2018.02.10"]
[SourceQuality "1"]

1. e4 c6 2. d4 d5 3. Nc3 dxe4 4. Nxe4 Nf6 5. Ng3 g6 6. Bc4 Bg7 7. Nf3 O-O 8. h3
Nbd7 9. O-O b5 10. Bb3 Bb7 11. Qe2 a6 12. Re1 e6 13. Bf4 Qe7 14. Rad1 Rfd8 15.
c3 h6 16. Ne4 Nxe4 17. Qxe4 Nf6 18. Qe3 Kh7 19. Ne5 Nd5 20. Bxd5 Rxd5 21. Nd3
Rad8 22. b4 Bc8 23. Qg3 f6 24. Bc7 Re8 25. Bb6 Qf7 26. Qf3 Qb7 27. Bc5 Qc7 28.
Re2 Red8 29. Rde1 Rf5 30. Qe4 Qf7 31. g4 Rg5 32. Qxc6 e5 33. Bb6 Bb7 34. Qc7
Qd5 35. Re4 Rd7 36. Qc5 f5 37. Qxd5 Bxd5 38. R4e2 Bf3 39. Nxe5 Bxe5 40. Rxe5
fxg4 41. Rxg5 hxg5 42. Re3 Rf7 43. hxg4 Bxg4 44. Kg2 Bf5 45. Bd8 g4 46. Bg5 Kg7
47. Re5 Rd7 48. f3 gxf3+ 49. Kxf3 Kf7 50. Ke3 Be6 51. Ke4 Bxa2 52. d5 Bc4 53.
Kd4 Bb3 54. Kc5 Bc4 55. Kc6 Ra7 56. Re3 Bb3 57. d6 Be6 58. Rf3+ Ke8 59. Be7 Bf5
60. Rf2 Rd7 61. Rh2 Kf7 62. Kb6 Ke6 63. Kxa6 Bd3 64. Rd2 Bc4 65. Rd1 Ke5 66.
Kb6 g5 67. Kc6 1-0

[Event "Tradewise Gibraltar ChallWk1"]
[Site "Gibraltar"]
[Date "2017.01.24"]
[Round "2.20"]
[White "Press, Harry"]
[Black "Herzwurm, Robert"]
[Result "1/2-1/2"]
[WhiteElo "1892"]
[BlackElo "2143"]
[PlyCount "56"]
[EventDate "2017.01.23"]
[EventType "swiss"]
[EventRounds "5"]
[EventCountry "GGB"]
[SourceTitle "BritBase"]
[Source "www.saund.co.uk"]
[SourceDate "2018.02.10"]
[SourceVersion "1"]
[SourceVersionDate "2018.02.10"]
[SourceQuality "1"]

1. d4 d5 2. Nf3 Nc6 3. Bf4 Nf6 4. e3 Bg4 5. Be2 e6 6. O-O Bd6 7. Ne5 Bxe2 8.
Qxe2 Nd7 9. Qg4 Ndxe5 10. dxe5 Nxe5 11. Qxg7 Ng6 12. Bxd6 Qxd6 13. c4 O-O-O 14.
cxd5 exd5 15. Nc3 Ne5 16. Qg3 Kb8 17. Rfd1 Qe6 18. Qf4 Rhg8 19. e4 d4 20. Nd5
Rg4 21. Qf6 Qxf6 22. Nxf6 Rf4 23. Nxh7 Rxe4 24. Ng5 Rg4 25. Nh3 d3 26. b3 Rgd4
27. Kf1 c5 28. Ng5 Rg4 1/2-1/2

[Event "Tradewise Gibraltar ChallWk1"]
[Site "Gibraltar"]
[Date "2017.01.24"]
[Round "2.21"]
[White "Burrows, Martin P"]
[Black "Cholleti, Sahajasri"]
[Result "1/2-1/2"]
[WhiteElo "2124"]
[BlackElo "1987"]
[PlyCount "53"]
[EventDate "2017.01.23"]
[EventType "swiss"]
[EventRounds "5"]
[EventCountry "GGB"]
[SourceTitle "BritBase"]
[Source "www.saund.co.uk"]
[SourceDate "2018.02.10"]
[SourceVersion "1"]
[SourceVersionDate "2018.02.10"]
[SourceQuality "1"]

1. c4 c5 2. Nf3 Nc6 3. d4 cxd4 4. Nxd4 Nf6 5. Nc3 e6 6. a3 Be7 7. e4 O-O 8. Be2
d5 9. cxd5 exd5 10. exd5 Nxd5 11. Nxc6 bxc6 12. Nxd5 Qxd5 13. O-O Bf6 14. Bf3
Qc4 15. b3 Qc3 16. Rb1 Bf5 17. Bb2 Qd3 18. Bxf6 Qxb1 19. Qd4 Qd3 20. Bxg7 Qxd4
21. Bxd4 Rfd8 22. Be3 Rd3 23. Bxc6 Rc8 24. Bf3 Rxb3 25. Bxa7 Rxa3 26. Be3 Kg7
27. Rd1 1/2-1/2